<?xml version="1.0" encoding="UTF-8"?>
<record
    xmlns:xsi="http://www.w3.org/2001/XMLSchema-instance"
    xsi:schemaLocation="http://www.loc.gov/MARC21/slim http://www.loc.gov/standards/marcxml/schema/MARC21slim.xsd"
    xmlns="http://www.loc.gov/MARC21/slim">

  <leader>02342nam a2200289 a 4500</leader>
  <controlfield tag="001"> </controlfield>
  <controlfield tag="003">DO-SdBNP</controlfield>
  <controlfield tag="005">20210602081351.0</controlfield>
  <controlfield tag="008">100913s1985    dr abc        000 0 spa d</controlfield>
  <datafield tag="040" ind1=" " ind2=" ">
    <subfield code="a">BPMSU </subfield>
    <subfield code="b">spa</subfield>
    <subfield code="c">BPMSU </subfield>
  </datafield>
  <datafield tag="082" ind1=" " ind2=" ">
    <subfield code="a">355.97293</subfield>
    <subfield code="b">H936c 1985</subfield>
    <subfield code="2">22</subfield>
  </datafield>
  <datafield tag="100" ind1="1" ind2=" ">
    <subfield code="a">Hungr&#xED;a Morel, Radam&#xE9;s,</subfield>
    <subfield code="d">1916-</subfield>
  </datafield>
  <datafield tag="245" ind1="1" ind2="0">
    <subfield code="a">Calendas hist&#xF3;ricas y militares dominicanas /</subfield>
    <subfield code="c">Radam&#xE9;s Hungr&#xED;a Morel.</subfield>
  </datafield>
  <datafield tag="260" ind1=" " ind2=" ">
    <subfield code="a">Santo Domingo :</subfield>
    <subfield code="b">Museo Nacional de Historia y Geograf&#xED;a,</subfield>
    <subfield code="c">1985.</subfield>
  </datafield>
  <datafield tag="300" ind1=" " ind2=" ">
    <subfield code="a">v. :</subfield>
    <subfield code="b">il. ; map. ; retrs. ;</subfield>
    <subfield code="c">23 cm.</subfield>
  </datafield>
  <datafield tag="490" ind1="0" ind2=" ">
    <subfield code="a">Did&#xE1;ctica;</subfield>
    <subfield code="v">1</subfield>
  </datafield>
  <datafield tag="500" ind1=" " ind2=" ">
    <subfield code="a">Incluye referencias bibliogr&#xE1;ficas y notas al pie de las p&#xE1;ginas</subfield>
  </datafield>
  <datafield tag="500" ind1=" " ind2=" ">
    <subfield code="a">La biblioteca posee el v.1</subfield>
  </datafield>
  <datafield tag="500" ind1=" " ind2=" ">
    <subfield code="a">Incluye datos biogr&#xE1;ficos del autor en la contracubierta.</subfield>
  </datafield>
  <datafield tag="505" ind1=" " ind2=" ">
    <subfield code="a">A manera de introducci&#xF3;n -- Acci&#xF3;n de Palo Hincado -- Los regimientos dominicanos durante la Era de Ocupaci&#xF3;n Haitiana -- Cronolog&#xED;a hist&#xF3;rica de la Independencia Nacional -- Concepto y significado de la independencia -- Manifiesto del 16 de enero de 1844 ; su importancia hist&#xF3;rica -- Nuestra bandera --  Tipos de armas de fuego port&#xE1;tiles usada en la Independencia Nacional -- La batalla de Azua (19 de Marzo de 1844) -- La batalla de Santiago (30 de Marzo de 1844) -- El nombre de las batallas de Marzo y otras acciones del 1844-- Aclaraciones hist&#xF3;ricas sobre los Manuel Jimenes (Z) -- La Batalla de Santiago : desarrollo y an&#xE1;lisis militar -- Reconocer para recordar -- Objetos del General Santana -- Acci&#xF3;n naval de Tortuguero -- Objetos del Almirante Juan Bautista Cambiaso -- D&#xED;a del Ej&#xE9;rcito Nacional -- La segunda campa&#xF1;a de nuestra guerra de independencia -- Toma y asalto del Fuerte "El Invencible" --  Maluis : la Poza del Diablo -- La Batalla de las Carreras : victoria dicisiva de las armas dominicanas -- Las Batallas Gemelas : Santom&#xE9; y el Cambronal --Sabana Larga  : &#xFA;ltima contienda de la Guerra Independentista  -- Dos hero&#xED;nas guerreras nacionales  -- Aspectos hist&#xF3;ricos militares de la Villa de Mao -- Aclaraciones hist&#xF3;ricas sobre una cuesti&#xF3;n de nuestros l&#xED;mites fronterizos .</subfield>
  </datafield>
  <datafield tag="590" ind1=" " ind2=" ">
    <subfield code="a">Inventariado, 2018/ YL</subfield>
  </datafield>
  <datafield tag="651" ind1=" " ind2="4">
    <subfield code="a">Rep&#xFA;blica Dominicana</subfield>
    <subfield code="x">Historia Militar</subfield>
  </datafield>
  <datafield tag="710" ind1="2" ind2=" ">
    <subfield code="a">Museo Nacional de Historia y Geograf&#xED;a(Rep&#xFA;blica Dominicana)</subfield>
  </datafield>
  <datafield tag="830" ind1=" " ind2="0">
    <subfield code="a">Did&#xE1;ctica</subfield>
    <subfield code="n">1</subfield>
  </datafield>
  <datafield tag="910" ind1=" " ind2=" ">
    <subfield code="a">VMateo</subfield>
  </datafield>
  <datafield tag="942" ind1=" " ind2=" ">
    <subfield code="2">ddc</subfield>
    <subfield code="c">BK</subfield>
  </datafield>
  <datafield tag="952" ind1=" " ind2=" ">
    <subfield code="0">0</subfield>
    <subfield code="1">0</subfield>
    <subfield code="2">ddc</subfield>
    <subfield code="4">0</subfield>
    <subfield code="7">0</subfield>
    <subfield code="8">CD</subfield>
    <subfield code="a">BPMET</subfield>
    <subfield code="b">BPMET</subfield>
    <subfield code="d">2021-06-02</subfield>
    <subfield code="e">Manel Ortiz </subfield>
    <subfield code="o">BPMSU CD 355.97293 H936c 1985</subfield>
    <subfield code="p">BPMSU21060011</subfield>
    <subfield code="r">2021-06-02</subfield>
    <subfield code="t">v.1</subfield>
    <subfield code="w">2021-06-02</subfield>
    <subfield code="y">BK</subfield>
  </datafield>
  <datafield tag="999" ind1=" " ind2=" ">
    <subfield code="c">13549</subfield>
    <subfield code="d">13549</subfield>
  </datafield>
</record>
